000 00356pab a2200145 454500
008 180718b2004 xxu||||| |||| 00| 0 eng d
100 _aChakraborty, S.K. et al.
245 _aManagement paradigms beyond profit maximization
260 _c2004
300 _ap.97-117.
362 _aJul-Sep
650 _aManagement
773 _aVikalpa
909 _a62752
999 _c62752
_d62752